Stratégia rozvoja cestovného ruchu na Slovensku
Tvorba a základný cieľ stratégie rozvoja cestovného ruchu na Slovensku. Kvantifikácia strategického cieľa cestovného ruchu do roku 2010 (návštevnosť zo zahraničia a devízové príjmy). Vývoj podnikania a základnej vybavenosti. Rozvoj a vybavenosť stredísk cestovného ruchu. Dopravná infraštruktúra pre...
Gespeichert in:
| 1. Verfasser: | |
|---|---|
| Format: | Buchkapitel |
| Sprache: | Slowakisch |
| Schlagworte: | |
| Tags: |
Keine Tags, Fügen Sie das erste Tag hinzu!
|
MARC
| LEADER | 00000naa a2200000 4500 | ||
|---|---|---|---|
| 001 | r037254 | ||
| 005 | 20230724104902.9 | ||
| 041 | 0 | |a slo | |
| 044 | |a SK | ||
| 245 | 1 | 0 | |a Stratégia rozvoja cestovného ruchu na Slovensku |c Gustáv Sládek |
| 520 | |a Tvorba a základný cieľ stratégie rozvoja cestovného ruchu na Slovensku. Kvantifikácia strategického cieľa cestovného ruchu do roku 2010 (návštevnosť zo zahraničia a devízové príjmy). Vývoj podnikania a základnej vybavenosti. Rozvoj a vybavenosť stredísk cestovného ruchu. Dopravná infraštruktúra pre cestovný ruch. Propagácia Slovenska na trhu cestovného ruchu. Pracovné príležitosti a zamestnanosť v cestovnom ruchu. | ||
| 610 | 2 | 0 | |a ruch cestovný |
| 610 | 2 | 0 | |a Slovensko |
| 610 | 2 | 0 | |a stratégia hospodárska |
| 610 | 2 | 0 | |a devízy |
| 610 | 2 | 0 | |a podnikanie |
| 610 | 2 | 0 | |a infraštruktúra |
| 610 | 2 | 0 | |a siete cestné |
| 610 | 2 | 0 | |a siete železničné |
| 610 | 2 | 0 | |a propagácia |
| 610 | 2 | 0 | |a príležitosť pracovná |
| 610 | 2 | 0 | |a zamestnanosť |
| 100 | 1 | |a Sládek, Gustáv | |